000 01680nam a2200493 i 4500
001 53773
003 KOSZ 005
005 20240405063203.0
008 050217s2004 pl a f |001 0 pol
015 _aPB 2005/13538
020 _a8302092347
040 _aWA N
_cWA N
_dKOSZ 005/HR
046 _k1996
080 _a821.162.1(091)-92"1944/..."
080 _a82.0-92
080 _a(075.8)
100 1 _aWolny-Zmorzyński, Kazimierz
_d(1957- )
_eAutor
245 1 0 _aReportaż - jak go napisać? :
_bporadnik dla słuchaczy studiów dziennikarskich /
_cKazimierz Wolny-Zmorzyński.
260 _aWarszawa :
_bWydawnictwa Szkolne i Pedagogiczne,
_ccop. 2004.
300 _a167 s. :
_bfot. ;
_c24 cm.
336 _2rdacontent
_aTekst
_btxt
337 _2rdamedia
_aBez urządzenia pośredniczącego
_bn
338 _2rdacarrier
_aWolumin
_bnc
380 _aKsiążki
380 _aPublikacje dydaktyczne
385 _mPoziom nauczania
_aSzkoły wyższe
388 _a2001-
490 1 _aEdukacja Medialna.
504 _aBibliogr. s. 155-162. Indeks.
648 4 _a1901-2000
648 4 _a1945-1989
648 4 _a1989-2000
650 4 _aHistoria
650 4 _aSztuka pisania
650 4 _aGatunki medialne
655 4 _aPodręczniki akademickie
655 4 _aReportaż
655 4 _aReportaż polski
658 _aMedia i komunikacja społeczna
710 2 _aWydawnictwa Szkolne i Pedagogiczne
_4pbl.
830 0 _aEdukacja Medialna
856 _uhttp://koha.tu.koszalin.pl/cgi-bin/koha/opac-detail.pl?biblionumber=53773
_yKatalog online BPK
942 _2UKD
_cKS
999 _c53773
_d53773